000 00580nam a2200205Ia 4500
005 20250923145114.0
008 008 250917s9999 xx 000 0 eng d
037 _aTextual
040 _aDSWL
_beng
_cDSWL
041 _aeng
_2eng
084 _aX:KY:4347.73, N67
_qDSWL
100 _aCaplovitz, David
_9831841
245 4 _aThe Poor Pay More
_cby David Caplovitz
260 _aNew York
_b Free Press
_c1967
300 _aix,93 p.
365 _aUSD
_b2.45
925 _g2.45
942 _cTEXL
_hX:KY:4347.73, N67
999 _c1447164
_d1447164